000 01031nam a22002537a 4500
999 _c60199
_d60199
005 20251125233052.0
008 s2552 th tha d
020 _a9786115510344
040 _aNALT
041 _atha
050 _aDS588.N6 8285ค 2552
100 0 _aธเนศวร์ เจริญเมือง
245 1 0 _aคนเมือง : ประวัติศาสตร์ล้านนาสมัยใหม่ (พ.ศ.2317-2552)
260 3 _aกรุงเทพฯ
_c2552
300 _a264 หน้า ;
_b 21 ซม.
500 _a36410
650 0 4 _aเชียงใหม่ -- ประวัติศาสตร์
650 0 4 _aชนกลุ่มน้อย -- ไทย (ภาคเหนือ)
650 0 4 _aไทย (ภาคเหนือ) -- ประวัติศาสตร์
850 _aNALT
856 4 0 _uhttps://hdl.handle.net/20.500.14156/500351
942 _cGB
_2lcc